书目信息 |
| 题名: |
外交家与战争
|
|
| 作者: | 高克 著 | |
| 分册: | ||
| 出版信息: | 上海 上海人民出版社 2016.03 |
|
| 页数: | 259页 | |
| 开本: | 23cm | |
| 丛书名: | ||
| 单 册: | ||
| 中图分类: | D829.10 | |
| 科图分类: | ||
| 主题词: | ||
| 电子资源: | ||
| ISBN: | 978-7-208-13408-9 | |
| 000 | 01012nam0 2200253 450 | |
| 001 | 0120161800004 | |
| 005 | 20170920092400.67 | |
| 010 | @a978-7-208-13408-9@dCNY40.00 | |
| 100 | @a20160414d2016 em y0chiy50 ea | |
| 101 | 0 | @achi |
| 102 | @aCN@b310000 | |
| 105 | @ay z 000yy | |
| 106 | @ar | |
| 200 | 1 | @a外交家与战争@9wai jiao jia yu zhan zheng@e顾维钧的外交理念及外交技巧@f高克著 |
| 210 | @a上海@c上海人民出版社@d2016.03 | |
| 215 | @a259页@d23cm | |
| 330 | @a本书截取顾维钧外交生涯中参加国联李顿调查团的重要经历为全书骨干,上溯顾维钧初涉外交和参加巴黎和会,下及七七事变后中国战时外交政策的转变,想以此探索政治与外交在第二次世界大战争中的历史意义。与此同时,阐明顾维钧的外交理念及外交策略。 | |
| 333 | @a外交人员 | |
| 517 | 1 | @a顾维钧的外交理念及外交技巧@9gu wei jun de wai jiao li nian ji wai jiao ji qiao |
| 600 | 0 | @a顾维钧@f(1888-1985)@x外交战略@x研究 |
| 690 | @aD829.10@v5 | |
| 701 | 0 | @a高克@9gao ke@f(1958-)@4著 |
| 801 | 0 | @aCN@b人天书店@c20160414 |
| 905 | @b1077690-95@dD829.10@e179@f6 | |
| 外交家与战争:顾维钧的外交理念及外交技巧/高克著.-上海:上海人民出版社,2016.03 |
| 259页;23cm |
| 使用对象:外交人员 |
| ISBN 978-7-208-13408-9:CNY40.00 |
| 本书截取顾维钧外交生涯中参加国联李顿调查团的重要经历为全书骨干,上溯顾维钧初涉外交和参加巴黎和会,下及七七事变后中国战时外交政策的转变,想以此探索政治与外交在第二次世界大战争中的历史意义。与此同时,阐明顾维钧的外交理念及外交策略。 |
| ● |
| 相关链接 |
|
|
|
|
正题名:外交家与战争
索取号:D829.10/179
 
预约/预借
| 序号 | 登录号 | 条形码 | 馆藏地/架位号 | 状态 | 备注 |
| 1 | 1077690 | 210776908 | 第一样本阅览室/ [索取号:D829.10/179] | 在馆 | |
| 2 | 1077691 | 210776917 | 密集书库-史法系/ [索取号:D829.10/179] | 在馆 | |
| 3 | 1077692 | 210776926 | 第一借阅区/ [索取号:D829.10/179] | 在馆 | |
| 4 | 1077693 | 210776935 | 第一借阅区/ [索取号:D829.10/179] | 在馆 | |
| 5 | 1077694 | 210776944 | 第一借阅区/ [索取号:D829.10/179] | 在馆 | |
| 6 | 1077695 | 210776953 | 第一借阅区/ [索取号:D829.10/179] | 在馆 |